UBT Library

The theatrical public in the time of Garrick. (Record no. 39029)

000 -LEADER
fixed length control field 00610cam a22002411 4500
001 - CONTROL NUMBER
control field 9318258
005 - DATE AND TIME OF LATEST TRANSACTION
control field 20171215082058.0
008 - FIXED-LENGTH DATA ELEMENTS--GENERAL INFORMATION
fixed length control field 761206s1954 nyu b 000 0 eng
010 ## - LIBRARY OF CONGRESS CONTROL NUMBER
LC control number 53012030
015 ## - NATIONAL BIBLIOGRAPHY NUMBER
National bibliography number GB54-15516
035 ## - SYSTEM CONTROL NUMBER
System control number (OCoLC)2600320
040 ## - CATALOGING SOURCE
Original cataloging agency DLC
Transcribing agency OTU
Modifying agency OCoLC
-- FTaSU
-- Uk
-- DLC
041 ## - LANGUAGE CODE
Language code of text/sound track or separate title eng
042 ## - AUTHENTICATION CODE
Authentication code premarc
080 ## - UNIVERSAL DECIMAL CLASSIFICATION NUMBER
Universal Decimal Classification number 792 WIL
082 ## - DEWEY DECIMAL CLASSIFICATION NUMBER
Classification number 792 WIL
100 1# - Rafti
Rafti 44
101 ## - Shkurtesa
Shkurtesa ART
245 14 - TITLE STATEMENT
Title The theatrical public in the time of Garrick.
504 ## - BIBLIOGRAPHY, ETC. NOTE
Bibliography, etc Bibliography: p. [239]-244.
906 ## - LOCAL DATA ELEMENT F, LDF (RLIN)
a 7
b cbc
c oclcrpl
d u
e ncip
f 19
g y-gencatlg
942 ## - ADDED ENTRY ELEMENTS (KOHA)
Source of classification or shelving scheme
Item type Books
Holdings
Withdrawn status Lost status Source of classification or shelving scheme Damaged status Not for loan Permanent location Current location Date acquired Total Checkouts Full call number Barcode Date last seen Price effective from Koha item type
          UBT - Lipjan UBT - Lipjan 12/15/2017   792 WIL 002-2939500 12/15/2017 12/15/2017 Books
UBT Library © 2015-2024. All rights reserved University Education for Business and Technology